00630 2200229 4500001002100000005001500021035002000036245004500056100001700101250001000118300003900128260003600167082001000203084001600213020001600229600003900245600004200284600002700326505001100353990001800364990001800382INLIS00000000000470320231113073859 a0010-11230000541 aRahasia DiBalik Televisi /cJohn Bassett0 aJohn Bassett aCet 2 a32 hlm, :bilus ;c20,7 x 29,5 cm. aBandung; :bPakar Raya;,c2007. a384.5 a384.5 JOH r a979534575-0 aPengalih bahasa,Andri Setyawan S.S aPenyunting Bahasa,Rachmad Isnanto S.S aPewajah Ulang,B Waluyo aIndeks a7433/P/S/2013 a7431/P/S/2013